| 000 | 00348nam a2200133Ia 4500 | ||
|---|---|---|---|
| 008 | 240624s9999 xx 000 0 und d | ||
| 041 | _aeng | ||
| 082 | _a823 PRI | ||
| 100 | _aPRICE ROBERT M | ||
| 245 | _aDA VINCI FRAUD WHY THE TRUTH IS STRANGER | ||
| 260 |
_c2005 _aNew York _bPrometheus Books |
||
| 300 | _a296 : p. : cm. ; 23 | ||
| 365 |
_cRS _b33 |
||
| 999 |
_c11613 _d11613 |
||